Jugadores del Villarreal CF que han debutado con España - Estadísticas

Estadísticas generales
  • Esta prueba ha sido intentada 48 veces
  • La puntuación promedio es 7 de 21
Estadísticas de respuestas
Debut Jugador % Correcto
2023 Baena
75%
2018 Albiol
64%
2019 Gerard Moreno
61%
2010 Bruno
57%
2008 Cazorla
57%
2019 Pau Torres
57%
2006 Marcos Senna
55%
2021 Yeremy Pino
52%
2018 Rodri
45%
2007 Capdevila
43%
2015 Mario Gaspar
34%
2023 Pedraza
27%
2016 Sergio Asenjo
23%
2010 Marchena
20%
2016 Denis Suárez
11%
2018 Fornals
11%
2011 Borja Valero
9%
2009 Diego López
7%
2005 Guayre
5%
2001 Unai Vergara
2%
2008 Ángel
0%
No se encontraron pruebas coincidentes
Distribución de puntuación
Porcentaje de gente con cada puntuación
Porcentaje por número respondido
Historial de tus puntuaciones
No has intentado esta prueba.